| 000 | 00000nam##2200000za#4500 |
| 001 | 9.693504 |
| 003 | CaOODSP |
| 005 | 20210624233708 |
| 007 | cr ||||||||||| |
| 008 | 150407|2000||||xxc|||||o f|0| 0 eng|d |
| 040 | |aCaOODSP|beng |
| 043 | |an-cn--- |
| 086 | 1 |aA15-2028/2000E-PDF |
| 110 | 1 |aCanada. |bAgriculture and Agri-Food Canada. |
| 245 | 10|aOptions report: reducing greenhouse gas emissions from Canadian agriculture / |h[electronic resource]|c[prepared by the] Agriculture and Agri-Food Climate Change Table. |
| 260 | |aOttawa - Ontario : |bAgriculture and Agri-Food Canada |c2000. |
| 300 | |a72p.|bfig., tables |
| 500 | |a"The report summarizes the activities and analyses of the Agriculture and Agri-Food Table. It presents options for reducing net agricultural GHG emissions as part of a national strategy for meeting the commitments made under the Kyoto Protocol. The options for the food processing sector are discussed in a separate document."--Introduction. |
| 520 | 3 |aThe report summarizes the activities and analyses of the Agriculture and Agri-Food Table. It presents options for reducing net agricultural GHG emissions as part of a national strategy for meeting the commitments made under the Kyoto Protocol. The options for the food processing sector are discussed in a separate document.--Introduction |
| 590 | |a10-05-Supp|b2010-07-20 |
| 690 | 07|aAgricultural sector|2gcpds |
| 690 | 07|aEnvironmental management|2gcpds |
| 690 | 07|aPollution control|2gcpds |
| 690 | 07|aClimate|2gcpds |
| 775 | 08|tRapport sur les options: réduire les émissions de gaz à effet de serre issues de l'agriculture canadienne / |w(CaOODSP)9.637682 |
| 776 | 0#|tOptions report: reducing greenhouse gas emissions from Canadian agriculture / |w(CaOODSP)9.647838 |
| 856 | 40|ahttp://publications.gc.ca|qPDF|s1730 KB|uhttps://publications.gc.ca/collections/Collection/M22-132-1-2000E.pdf |
| 986 | |aPublication #: 2028/E |